000 00447cam a2200145 4500500
005 20251012010831.0
041 _afre
042 _adc
100 1 0 _aMichaud, Yves
_eauthor
245 0 0 _aTransparence et opacité
260 _c2011.
500 _a19
786 0 _nPhilosophie magazine | 48 | 4 | 2011-04-01 | p. 4-4 | 1951-1787
856 4 1 _uhttps://shs.cairn.info/magazine-philosophie-magazine-2011-4-page-4?lang=fr&redirect-ssocas=7080
999 _c1520769
_d1520769